[Event "Linares Anibal op 8th"]
[Site "Linares"]
[Date "2001.01.16"]
[Round "9"]
[White "Sulskis, Sarunas"]
[Black "Sturua, Zurab"]
[Result "1/2-1/2"]
[WhiteElo "2501"]
[BlackElo "2580"]
[PlyCount "109"]
[EventDate "2001.01.08"]
[Source "ChessBase"]
[SourceDate "2001.03.20"]

1. e4 e5 2. Nf3 Nc6 3. Bb5 g6 4. d4 exd4 5. Bg5 Be7 6. Bxe7 Qxe7 7. Bxc6 dxc6 8. Qxd4 Nf6 9. Nc3 Bg4 10. Nd2 c5 11. Qe3 O-O-O 12. h3 Bd7 13. O-O-O Bc6 14. g4 b6 15. Rhf1 Rhe8 16. Rde1 Kb8 17. a3 Qf8 18. e5 Nd5 19. Nxd5 Bxd5 20. f4 f5 21. Rf2 Be6 22. gxf5 Bxf5 23. Ne4 Rd4 24. Nc3 Qe7 25. Qg3 Qe6 26. h4 h5 27. Qg5 Red8 28. b3 a6 29. Kb2 R8d7 30. Qg3 a5 31. Qg5 Rd8 32. Rfe2 Rf8 33. Qh6 Re8 34. Qg5 Re7 35. Rf2 Rf7 36. Rd1 Rfd7 37. Re1 Rh7 38. Nb5 Rdd7 39. Nc3 Rh8 40. Rfe2 Rf8 41. Rf2 Rfd8 42. Ne4 Rf8 43. Qh6 Rdd8 44. Rd2 c4 45. Red1 Rc8 46. Nc3 Bg4 47. Rf1 cxb3 48. cxb3 Rfd8 49. Rff2 Kb7 50. Qg5 Rf8 51. Nb5 Qe8 52. a4 Rf5 53. Qh6 Qf8 54. Qxf8 Rcxf8 55. Kc3 1/2-1/2

[Event "Chigorin Memorial"]
[Site "St. Petersburg"]
[Date "2004.10.20"]
[Round "5.10"]
[White "Vysochin, Spartak"]
[Black "Novikov, Maxim"]
[Result "1-0"]
[WhiteElo "2582"]
[BlackElo "2498"]
[PlyCount "45"]
[EventDate "2004.10.15"]
[Source "Roberto Alvarez"]
[SourceDate "2004.11.08"]

1. e4 e5 2. Nf3 Nc6 3. Bb5 g6 4. c3 d6 5. d4 Bd7 6. Qb3 Na5 7. Bxd7+ Qxd7 8. Qd5 Nc6 9. Qb5 O-O-O 10. O-O Bg7 11. d5 Nce7 12. Qa5 Kb8 13. c4 c5 14. b4 b6 15. Qa3 Nc8 16. Nc3 f5 17. Ng5 Bh6 18. Ne6 Re8 19. bxc5 dxc5 20. Rb1 Ka8 21. Nb5 Rxe6 22. dxe6 Qc6 23. Bb2 1-0

[Event "Istanbul (ol) 81/269"]
[Site "?"]
[Date "2000.??.??"]
[Round "?"]
[White "Kunte, A."]
[Black "Mikhalchishin, A."]
[Result "1-0"]
[WhiteElo "2538"]
[BlackElo "2534"]
[PlyCount "129"]
[EventDate "2000.??.??"]
[Source "Chess Informant"]
[SourceDate "2001.02.01"]

1. e4 e5 2. Nf3 Nc6 3. Bb5 g6 4. d4 exd4 5. Bg5 Be7 6. Bxe7 Qxe7 7. O-O Qc5 8. Bxc6 dxc6 9. Qxd4 Qxd4 10. Nxd4 Bd7 11. Nc3 O-O-O 12. Rad1 Ne7 13. b4 Rhe8 14. h3 Ng8 15. f4 f6 16. Rfe1 Be6 17. Nxe6 Rxe6 18. Rxd8+ Kxd8 19. Kf2 Nh6 20. Kf3 Nf7 21. a4 Ke7 22. Ne2 Rd6 23. Ke3 Rd8 24. Nd4 Nd6 25. Kd3 a5 26. c3 Nc8 27. Rb1 axb4 28. cxb4 Nd6 29. Rc1 Kd7 30. g4 Re8 31. Re1 Nf7 32. Nf3 Ra8 33. Ra1 h5 34. a5 hxg4 35. hxg4 Rh8 36. Ke3 Rh3 37. Kf2 g5 38. Kg2 Rh8 39. Kg3 Ke7 40. Rd1 Nd6 41. Re1 Nf7 42. e5 gxf4+ 43. Kxf4 fxe5+ 44. Nxe5 Nxe5 45. Kxe5 Rh2 46. Kf5+ Kf7 47. Rd1 Rf2+ 48. Kg5 Ke6 49. Rd4 Rb2 50. Re4+ Kd5 51. Kf5 b6 52. g5 Rh2 53. g6 Rh5+ 54. Kf6 Kxe4 55. g7 Rf5+ 56. Kg6 Rf1 57. g8=Q Rg1+ 58. Kf7 Rxg8 59. Kxg8 bxa5 60. bxa5 c5 61. a6 c4 62. a7 c3 63. a8=Q+ Ke3 64. Qg2 Kd3 65. Kf7 1-0

[Event "Corr"]
[Site "?"]
[Date "1998.??.??"]
[Round "?"]
[White "Nilsson Joergen"]
[Black "Lukez Franko"]
[Result "0-1"]
[WhiteElo "2516"]
[BlackElo "2549"]
[PlyCount "120"]
[EventDate "1998.??.??"]
[Source "www.chesslib.no"]
[SourceDate "2004.05.04"]

1. e4 e5 2. Nf3 Nc6 3. Bb5 g6 4. O-O Bg7 5. c3 a6 6. Bc4 d6 7. d4 Qe7 8. dxe5 Nxe5 9. Nxe5 dxe5 10. b3 Be6 11. Ba3 Qd7 12. Bxe6 Qxe6 13. c4 Rd8 14. Qe2 Bf8 15. Bxf8 Kxf8 16. Nc3 Nf6 17. f4 c6 18. f5 Qd6 19. Qf3 Kg7 20. Rad1 Qc5+ 21. Kh1 Qe7 22. g4 g5 23. Qe3 h6 24. h3 Rdg8 25. Rg1 Kf8 26. Qb6 h5 27. Rd8+ Kg7 28. Rxg8+ Kxg8 29. gxh5 Nxh5 30. Ne2 Nf4 31. Nxf4 exf4 32. Kh2 f6 33. Qd4 Kf7 34. c5 Rd8 35. Qc4+ Kg7 36. h4 Qe5 37. Qe6 Re8 38. Qxe5 Rxe5 39. hxg5 Rxe4 40. gxf6+ Kxf6 41. Kg2 Kxf5 42. Kf2 Re7 43. Rh1 Rf7 44. Kf3 Ke5 45. Rh5+ Kd4 46. Rg5 a5 47. Rh5 Rg7 48. Rh2 Kxc5 49. Kxf4 Re7 50. Rc2+ Kd6 51. Rd2+ Kc7 52. Rc2 b5 53. Kf3 Kb6 54. Rd2 Re6 55. Rc2 c5 56. a3 a4 57. bxa4 bxa4 58. Rb2+ Kc6 59. Rc2 Kd5 60. Rc1 c4 0-1

[Event "Andorra op"]
[Site "Andorra"]
[Date "1997.??.??"]
[Round "8"]
[White "Prie, Eric"]
[Black "Giorgadze, Giorgi"]
[Result "1-0"]
[WhiteElo "2470"]
[BlackElo "2595"]
[PlyCount "131"]
[EventDate "1997.07.??"]
[Source "ChessBase"]
[SourceDate "1997.07.29"]

1. e4 e5 2. Nf3 Nc6 3. Bb5 g6 4. d4 exd4 5. Bg5 Be7 6. Bxe7 Qxe7 7. Bxc6 dxc6 8. Qxd4 Nf6 9. Nc3 Bg4 10. Nd2 c5 11. Qe3 O-O-O 12. h3 Bd7 13. O-O-O Bc6 14. Rhe1 Rhe8 15. g4 Nd7 16. f4 f6 17. Qg3 g5 18. Nf3 Nf8 19. Rxd8+ Qxd8 20. f5 Nd7 21. Nd5 Bxd5 22. exd5 Nb6 23. Qf2 Rxe1+ 24. Qxe1 Nxd5 25. Qe4 Nf4 26. Ne1 c6 27. Nd3 Nxd3+ 28. cxd3 Qd7 29. Qc4 Qd5 30. Qc3 Qd4 31. Qb3 Qe3+ 32. Kc2 Qe2+ 33. Kc1 Qe7 34. Qg8+ Kc7 35. Kd2 a6 36. a4 Kb6 37. Qb3+ Ka5 38. Qe6 Qd8 39. Qf7 Qd4 40. Kc2 b6 41. Qxh7 Qxa4+ 42. Kc1 Qf4+ 43. Kc2 Qf2+ 44. Kc3 Qd4+ 45. Kc2 c4 46. dxc4 Qxc4+ 47. Kb1 Qe4+ 48. Ka2 c5 49. Qd7 Qa4+ 50. Qxa4+ Kxa4 51. b3+ Kb5 52. h4 gxh4 53. g5 fxg5 54. f6 h3 55. f7 h2 56. f8=Q h1=Q 57. Qe8+ Kb4 58. Qe2 Qd5 59. Qe1+ Kb5 60. Qe8+ Kb4 61. Qe1+ Kb5 62. Qe8+ Qc6 63. Qe2+ c4 64. Qe5+ Kb4 65. Qe7+ Ka5 66. Ka3 1-0

[Event "Mondariz op"]
[Site "Mondariz"]
[Date "1996.??.??"]
[Round "?"]
[White "Arencibia, Walter"]
[Black "Rodriguez, Amador"]
[Result "1/2-1/2"]
[WhiteElo "2555"]
[BlackElo "2510"]
[PlyCount "25"]
[EventDate "1996.07.??"]
[Source "www.chesslib.no"]
[SourceDate "2004.05.04"]

1. e4 e5 2. Nf3 Nc6 3. Bb5 g6 4. d4 exd4 5. Bxc6 dxc6 6. Qxd4 Qxd4 7. Nxd4 Bg7 8. Ne2 Bd7 9. Nbc3 O-O-O 10. Be3 f5 11. O-O-O Nf6 12. exf5 Bxf5 13. f3 1/2-1/2

[Event "Dortmund-A"]
[Site "Dortmund"]
[Date "1990.??.??"]
[Round "?"]
[White "Wahls, Matthias"]
[Black "Polgar, Zsuzsa"]
[Result "1-0"]
[WhiteElo "2565"]
[BlackElo "2500"]
[PlyCount "93"]
[EventDate "1990.04.??"]
[Source "ChessBase"]

1. e4 e5 2. Nf3 Nc6 3. Bb5 g6 4. d4 exd4 5. Bg5 Be7 6. Bxe7 Ngxe7 7. Nxd4 d5 8. Nc3 dxe4 9. Bxc6+ Nxc6 10. Nxc6 Qxd1+ 11. Rxd1 bxc6 12. Nxe4 Bf5 13. O-O Bxe4 14. Rfe1 f5 15. f3 Rd8 16. fxe4 f4 17. Rxd8+ Kxd8 18. Kf2 Ke7 19. Rd1 g5 20. Kf3 h5 21. Rd4 Rb8 22. b3 a5 23. Ra4 Rb5 24. h4 Ke6 25. Rc4 Kd6 26. a4 Re5 27. Rd4+ Ke7 28. Rd2 gxh4 29. Kxf4 Re6 30. e5 Rg6 31. Kf5 Rg3 32. e6 c5 33. c4 Ke8 34. Kf6 Rxb3 35. Rd5 Rb2 36. Rxh5 Rf2+ 37. Ke5 Rxg2 38. Rxh4 Re2+ 39. Kd5 Ra2 40. Rh8+ Ke7 41. Rh7+ Kd8 42. Rd7+ Kc8 43. Kc6 Re2 44. Rxc7+ Kd8 45. Rd7+ Ke8 46. Kd6 Rd2+ 47. Kxc5 1-0

[Event "Leon"]
[Site "Leon"]
[Date "1991.??.??"]
[Round "?"]
[White "Romero Holmes, Alfonso"]
[Black "Vladimirov, Evgeny"]
[Result "1/2-1/2"]
[WhiteElo "2485"]
[BlackElo "2580"]
[PlyCount "87"]
[EventDate "1991.06.??"]
[Source "ChessBase"]

1. e4 e5 2. Nf3 Nc6 3. Bb5 g6 4. d4 exd4 5. Bg5 Be7 6. Bxe7 Ngxe7 7. Nxd4 O-O 8. Nc3 d5 9. exd5 Nxd5 10. Bxc6 Nxc3 11. bxc3 bxc6 12. O-O Qf6 13. Re1 Rd8 14. Qf3 Qxf3 15. Nxf3 Kf8 16. Re5 Rb8 17. Rc5 Rb6 18. Nd4 Rd5 19. Rxc6 Rxc6 20. Nxc6 Bd7 21. Nd4 Rc5 22. Ne2 Bb5 23. Nd4 Ba4 24. Rd1 Rxc3 25. Rd3 Rxd3 26. cxd3 Ke7 27. Kf1 Kd6 28. Nf3 f6 29. Ke2 Kc5 30. Kd2 Kb4 31. Nd4 Ka3 32. Kc3 Bd7 33. Nc2+ Kxa2 34. Nb4+ Kb1 35. Nd5 a5 36. Nxf6 Be6 37. Ne4 Kc1 38. Nc5 Bd5 39. g4 Kd1 40. f4 Ke2 41. Kd4 Bf7 42. Ke5 Kd2 43. Kf6 Bd5 44. f5 1/2-1/2

[Event "Espace Charenton"]
[Site "?"]
[Date "2005.07.11"]
[Round "2"]
[White "Fressinet Laurent"]
[Black "Sriram Jha"]
[Result "1-0"]
[WhiteElo "2627"]
[BlackElo "2437"]
[PlyCount "65"]
[EventDate "2005.??.??"]
[Source "www.chesslib.no"]
[SourceDate "2004.05.04"]

1. e4 e5 2. Nf3 Nc6 3. Bb5 g6 4. d4 exd4 5. c3 d3 6. Bxd3 d6 7. h3 Bg7 8. c4 Nge7 9. Nc3 O-O 10. Nd5 h6 11. Bd2 f5 12. O-O fxe4 13. Bxe4 Bf5 14. Re1 Qd7 15. Qb3 Rae8 16. Nxe7+ Nxe7 17. Bxf5 Nxf5 18. Qxb7 Rb8 19. Qd5+ Qf7 20. Bc3 Bxc3 21. bxc3 Rb2 22. Re6 Kh7 23. Rae1 Rxa2 24. Qe4 Ra5 25. Qg4 Rc5 26. R6e4 a5 27. Nd4 Rxc4 28. Ne6 Rxc3 29. Nxf8+ Qxf8 30. Qf4 Qg8 31. Re7+ Ng7 32. Qd4 Rc5 33. Rd7 1-0

[Event "Olimpiadi 2008 - open"]
[Site "Dresda GER"]
[Date "2008.11.14"]
[Round "2"]
[White "Balogh, C."]
[Black "Samolins, V."]
[Result "1/2-1/2"]
[WhiteElo "2616"]
[BlackElo "2444"]
[PlyCount "39"]
[EventDate "2008.11.13"]
[Source "www.chesslib.no"]
[SourceDate "2004.05.04"]

1. e4 e5 2. Nf3 Nc6 3. Bb5 g6 4. d4 exd4 5. Bg5 f6 6. Bh4 h5 7. Bg3 a6 8. Bc4 f5 9. exf5 d5 10. Qe2+ Nge7 11. Bd3 Bxf5 12. Bxf5 gxf5 13. Nbd2 Qd7 14. Nb3 O-O-O 15. Nc5 Qe8 16. Ne6 Rd7 17. Nc5 Rd8 18. Ne6 Rd7 19. Nc5 Rd8 20. Ne6 1/2-1/2

[Event "Szolnok"]
[Site "Szolnok"]
[Date "1975.??.??"]
[Round "3"]
[White "Mednis, Edmar John"]
[Black "Smyslov, Vassily"]
[Result "0-1"]
[WhiteElo "2455"]
[BlackElo "2605"]
[PlyCount "80"]
[EventDate "1975.??.??"]
[Source "ChessBase"]

1. e4 e5 2. Nf3 Nc6 3. Bb5 g6 4. O-O Bg7 5. c3 d6 6. d4 Bd7 7. Bg5 f6 8. Be3 Nh6 9. dxe5 Nxe5 10. Bxd7+ Qxd7 11. Nxe5 fxe5 12. Qb3 b6 13. Bxh6 Bxh6 14. a4 Kf8 15. c4 Kg7 16. Nc3 Rab8 17. Rad1 Rhf8 18. Qb5 Qg4 19. Qc6 Rf7 20. Qd5 a5 21. Qd3 Rbf8 22. Qe2 Qe6 23. b3 Bg5 24. Rd3 h5 25. Nd1 Bc1 26. Nb2 Bxb2 27. Qxb2 g5 28. Qd2 Qg6 29. Re3 g4 30. h4 Rf4 31. Qe2 Rf3 32. Kh1 Qf6 33. gxf3 gxf3 34. Rg1+ Kh7 35. Rxf3 Qxh4+ 36. Kg2 Qg4+ 37. Kf1 Qxf3 38. Qd2 Rf4 39. Rg2 Qxe4 40. Qd1 Qf5 0-1

[Event "Voronezh"]
[Site "?"]
[Date "1987.??.??"]
[Round "?"]
[White "Rosentalis, E."]
[Black "Balashov, Y."]
[Result "0-1"]
[WhiteElo "2505"]
[BlackElo "2550"]
[PlyCount "90"]
[EventDate "1987.??.??"]
[Source "ChessBase"]
[SourceDate "1987.07.01"]

1. e4 e5 2. Nf3 Nc6 3. Bb5 g6 4. c3 a6 5. Bc4 Bg7 6. d4 d6 7. Bg5 f6 8. Be3 Qe7 9. Nbd2 Nh6 10. h3 Nf7 11. O-O Ncd8 12. b4 O-O 13. a4 Kh8 14. Re1 Ne6 15. Qb3 f5 16. dxe5 dxe5 17. exf5 gxf5 18. Rad1 e4 19. Nd4 Nxd4 20. Bxd4 Nd6 21. Bc5 Qf6 22. Re3 Nxc4 23. Bxf8 Nxe3 24. Bxg7+ Qxg7 25. fxe3 f4 26. Qd5 Bxh3 27. Qd4 Qxd4 28. cxd4 Rg8 29. Kh2 Bxg2 30. exf4 e3 31. Nc4 Bf3 32. Re1 e2 33. Ne5 Rg2+ 34. Kh3 Be4 35. Ng4 Kg7 36. f5 h5 37. Ne3 Rf2 38. Kh4 Bd3 39. Kxh5 Rf1 40. Ng2 Rxf5+ 41. Kg4 Rf1 42. Kh4 Kf6 43. Kg3 Ke7 44. Kg4 Kd6 45. Kg3 Bc4 0-1

[Event "Veterans-Women"]
[Site "Monte Carlo"]
[Date "1994.??.??"]
[Round "11"]
[White "Xie Jun"]
[Black "Hort, Vlastimil"]
[Result "1/2-1/2"]
[WhiteElo "2515"]
[BlackElo "2535"]
[PlyCount "50"]
[EventDate "1994.06.??"]
[Source "ChessBase"]

1. e4 Nc6 2. Nf3 e5 3. Bb5 g6 4. c3 d6 5. d4 Bd7 6. O-O Bg7 7. dxe5 dxe5 8. Bg5 Nge7 9. Na3 h6 10. Be3 O-O 11. Qd2 Kh7 12. Bc5 Rh8 13. Rfd1 Bg4 14. Qe3 Qe8 15. Be2 Be6 16. Nb5 Qb8 17. Rd2 a6 18. Na3 Rd8 19. Bc4 Rxd2 20. Qxd2 Bxc4 21. Nxc4 Qe8 22. Rd1 Rd8 23. Qe2 Rxd1+ 24. Qxd1 Ng8 25. h3 Nf6 1/2-1/2

[Event "GMA Baleares Open"]
[Site "Palma de Majorca ESP"]
[Date "1989.??.??"]
[Round "8"]
[White "Georgiev, Krum I"]
[Black "Murey, Jacob I"]
[Result "1-0"]
[WhiteElo "2480"]
[BlackElo "2560"]
[PlyCount "71"]
[EventDate "1989.12.??"]
[Source "www.chesslib.no"]
[SourceDate "2004.05.04"]

1. e4 e5 2. Nf3 Nc6 3. Bb5 g6 4. c3 a6 5. Ba4 Nge7 6. d4 exd4 7. cxd4 Bg7 8. Nc3 O-O 9. O-O d5 10. Bxc6 bxc6 11. h3 c5 12. Bg5 dxe4 13. Nxe4 cxd4 14. Nxd4 f6 15. Qb3+ Kh8 16. Be3 Nd5 17. Nc5 Qd6 18. Rac1 f5 19. Rfd1 f4 20. Nb5 axb5 21. Rxd5 Qe7 22. Bd4 f3 23. Bxg7+ Qxg7 24. g4 h5 25. Rg5 hxg4 26. hxg4 Kh7 27. Nd3 Ra4 28. Ne5 Rff4 29. Qc3 Rae4 30. Qxc7 Re1+ 31. Kh2 Rxc1 32. Qxc1 Qh6+ 33. Kg3 Qxg5 34. Qxf4 Qe7 35. Qf7+ Qxf7 36. Nxf7 1-0

[Event "Leon"]
[Site "Leon"]
[Date "1995.??.??"]
[Round "6"]
[White "Sion Castro, Marcelino"]
[Black "Sokolov, Ivan"]
[Result "1/2-1/2"]
[WhiteElo "2390"]
[BlackElo "2645"]
[PlyCount "70"]
[EventDate "1995.05.??"]
[Source "ChessBase"]

1. e4 e5 2. Nf3 Nc6 3. Bb5 g6 4. c3 Nge7 5. O-O Bg7 6. d4 exd4 7. cxd4 d5 8. exd5 Nxd5 9. Re1+ Be6 10. Bg5 Qd6 11. Nbd2 O-O 12. Ne4 Qb4 13. Bxc6 bxc6 14. Qc1 Bf5 15. Qxc6 Bxe4 16. Rxe4 Qxb2 17. Ree1 Nc3 18. Be7 Rfe8 19. Bc5 Ne4 20. Nd2 Qxd2 21. Rxe4 Red8 22. Rae1 h5 23. a4 Qc2 24. g3 a5 25. Re8+ Rxe8 26. Rxe8+ Rxe8 27. Qxe8+ Kh7 28. Qxf7 Qxa4 29. Qxc7 Qa1+ 30. Kg2 a4 31. Qa7 Qd1 32. h4 Qb3 33. Kg1 Qb1+ 34. Kg2 Qe4+ 35. Kg1 Qe1+ 1/2-1/2

[Event "Open"]
[Site "?"]
[Date "2004.08.29"]
[Round "2"]
[White "Vokarev Sergey"]
[Black "Malaniuk Vladimir P"]
[Result "1-0"]
[WhiteElo "2522"]
[BlackElo "2513"]
[PlyCount "64"]
[EventDate "2004.??.??"]
[Source "www.chesslib.no"]
[SourceDate "2004.05.04"]

1. e4 e5 2. Nf3 Nc6 3. Bb5 g6 4. d4 exd4 5. Bg5 Be7 6. Bxe7 Qxe7 7. Bxc6 dxc6 8. Qxd4 Nf6 9. Nc3 Bg4 10. Nd2 c5 11. Qe3 O-O-O 12. h3 Bd7 13. O-O-O Bc6 14. f3 b6 15. f4 Nxe4 16. Ncxe4 f5 17. Nd6+ Qxd6 18. Nc4 Qf6 19. Rxd8+ Rxd8 20. Ne5 Be4 21. Rg1 Qe6 22. b3 Qd5 23. Nc4 Kb7 24. Kb2 Rg8 25. Qf2 Qd8 26. Ne5 Qd1 27. h4 a5 28. a4 Kc8 29. Nc4 Qd4+ 30. Qxd4 cxd4 31. h5 Re8 32. c3 Re5 1-0

[Event "Formia Open"]
[Site "Formia"]
[Date "1994.??.??"]
[Round "8"]
[White "Djuric, Stefan"]
[Black "Giorgadze, Giorgi"]
[Result "1/2-1/2"]
[WhiteElo "2480"]
[BlackElo "2555"]
[PlyCount "44"]
[EventDate "1994.??.??"]
[Source "www.chesslib.no"]
[SourceDate "2004.05.04"]

1. e4 e5 2. Nf3 Nc6 3. Bb5 g6 4. d4 exd4 5. Nxd4 Bg7 6. Nxc6 bxc6 7. Bd3 Ne7 8. O-O O-O 9. Nd2 d6 10. c3 f5 11. Re1 h6 12. h3 Kh7 13. Qa4 c5 14. Nf3 Bd7 15. Bb5 Bxb5 16. Qxb5 fxe4 17. Rxe4 Nf5 18. Qa4 Qf6 19. Bd2 Qf7 20. Rae1 Rab8 21. b3 a6 22. R4e2 Qd5 1/2-1/2

[Event "Bethune op"]
[Site "Bethune"]
[Date "1998.??.??"]
[Round "?"]
[White "Delchev, Aleksander"]
[Black "Murey, Jacob"]
[Result "1-0"]
[WhiteElo "2575"]
[BlackElo "2460"]
[PlyCount "77"]
[EventDate "1998.12.??"]
[Source "www.chesslib.no"]
[SourceDate "2004.05.04"]

1. e4 e5 2. Nf3 Nc6 3. Bb5 g6 4. d4 exd4 5. Bg5 Bb4+ 6. c3 dxc3 7. Nxc3 Bxc3+ 8. bxc3 f6 9. Bh4 h5 10. h3 d6 11. O-O Bd7 12. e5 dxe5 13. Re1 g5 14. Nxg5 fxg5 15. Bxc6 Bxc6 16. Rxe5+ Ne7 17. Bxg5 Qxd1+ 18. Rxd1 Rh7 19. Rde1 O-O-O 20. Rxe7 Rxe7 21. Rxe7 Rd1+ 22. Kh2 Ra1 23. Re2 Bd5 24. Re5 Bf7 25. Re7 Bd5 26. Bf4 Rxa2 27. Rxc7+ Kd8 28. Rc5 Bc6 29. Be3 Be8 30. Kg3 a5 31. Rxa5 Rxa5 32. Bb6+ Ke7 33. Bxa5 Bc6 34. f3 Kf6 35. Kf4 Bb5 36. Bd8+ Kg6 37. g4 Bf1 38. Kg3 Be2 39. f4 1-0

[Event "Moscow (ol)"]
[Site "?"]
[Date "1994.??.??"]
[Round "?"]
[White "Thipsay, P."]
[Black "Mokry, K."]
[Result "1-0"]
[WhiteElo "2505"]
[BlackElo "2530"]
[PlyCount "89"]
[EventDate "1994.??.??"]
[Source "ChessBase"]
[SourceDate "1994.10.01"]

1. e4 e5 2. Nf3 Nc6 3. Bb5 g6 4. c3 d6 5. d4 Bd7 6. O-O Bg7 7. Be3 Nf6 8. dxe5 Nxe5 9. Bxd7+ Nexd7 10. Qc2 Qe7 11. Nbd2 O-O 12. Rfe1 h6 13. Bd4 Rfe8 14. c4 Ne5 15. Rad1 Nfd7 16. Bc3 Nc5 17. Nxe5 Bxe5 18. b4 Ne6 19. Nf3 Qf6 20. Nxe5 dxe5 21. Qb2 Nf4 22. g3 Nh3+ 23. Kg2 Qe6 24. Bxe5 Nxf2 25. Bh8 f6 26. Qxf2 Kxh8 27. Qf4 Re7 28. Qxh6+ Rh7 29. Qxg6 Qh3+ 30. Kf3 Qe6 31. h4 Rf8 32. Rd5 Rg7 33. Qh5+ Kg8 34. Qf5 Qa6 35. b5 Qa3+ 36. Re3 Rxg3+ 37. Kxg3 Qxe3+ 38. Qf3 Qe1+ 39. Kh3 Kf7 40. Rd1 Qb4 41. Rd7+ Ke8 42. Rxc7 Rf7 43. Rc8+ Ke7 44. Qd3 Qa5 45. c5 1-0

[Event "Europa ch 2008"]
[Site "Plovdiv BUL"]
[Date "2008.04.21"]
[Round "1.60"]
[White "Galkin, Alexander"]
[Black "Pedersen, Nicolai Vesterbaek"]
[Result "1-0"]
[WhiteElo "2606"]
[BlackElo "2425"]
[PlyCount "61"]
[EventDate "2008.04.21"]
[Source "www.chesslib.no"]
[SourceDate "2004.05.04"]

1. e4 e5 2. Nf3 Nc6 3. Bb5 g6 4. c3 Bg7 5. d4 exd4 6. cxd4 Nge7 7. Bg5 O-O 8. Nc3 h6 9. Bh4 d6 10. h3 a6 11. Bc4 b5 12. Bb3 Bb7 13. O-O Qd7 14. a3 Kh8 15. Re1 Rfe8 16. Ba2 f5 17. e5 d5 18. Bxe7 Nxe7 19. a4 g5 20. axb5 axb5 21. e6 Qd6 22. Nxb5 Qb6 23. Nc3 Qxb2 24. Na4 Qb5 25. Nc5 Bc8 26. Bb3 c6 27. Nd7 Bxd7 28. exd7 Reb8 29. Rxe7 Qxb3 30. Qxb3 Rxb3 31. Re8+ 1-0

[Event "Tch (Men) 2005/2006 FRA"]
[Site "?"]
[Date "2006.03.30"]
[Round "4"]
[White "Karjakin Sergey"]
[Black "Govciyan Pavel"]
[Result "1-0"]
[WhiteElo "2660"]
[BlackElo "2368"]
[PlyCount "63"]
[EventDate "2006.??.??"]
[Source "www.chesslib.no"]
[SourceDate "2004.05.04"]

1. e4 e5 2. Nf3 Nc6 3. Bb5 g6 4. c3 a6 5. Bc4 d6 6. d4 Bg7 7. O-O Qe7 8. dxe5 dxe5 9. b3 Be6 10. Bd5 Nd8 11. Ba3 Qf6 12. Nbd2 Ne7 13. Nc4 Bg4 14. Re1 Nec6 15. Re3 Bf8 16. Bxf8 Rxf8 17. h3 Be6 18. Rd3 Qg7 19. Ng5 h6 20. Nxe6 fxe6 21. Bxc6+ Nxc6 22. Qd2 b5 23. Ne3 h5 24. a4 Rb8 25. axb5 axb5 26. Ra6 Nd8 27. c4 b4 28. c5 Qe7 29. Nc4 Qxc5 30. Ra5 Qc6 31. Nxe5 Qxe4 32. Re3 1-0

[Event "New York"]
[Site "New York"]
[Date "1983.??.??"]
[Round "6"]
[White "Murey, Jacob"]
[Black "Henley, Ron W"]
[Result "0-1"]
[WhiteElo "2500"]
[BlackElo "2525"]
[PlyCount "86"]
[EventDate "1983.06.??"]
[Source "ChessBase"]

1. e4 e5 2. Nf3 Nc6 3. Bb5 g6 4. h4 h6 5. h5 g5 6. d4 exd4 7. Nxd4 Qf6 8. Be3 Bd6 9. Nc3 Nge7 10. Nxc6 dxc6 11. Bd4 Be5 12. Bxe5 Qxe5 13. Bc4 Be6 14. Bxe6 fxe6 15. O-O c5 16. Qd3 Nc6 17. Rad1 O-O 18. Qc4 Rf7 19. Ne2 a6 20. c3 g4 21. f4 gxf3 22. Rxf3 Rxf3 23. gxf3 b5 24. Qd3 Qg5+ 25. Kf2 Ne5 26. Qe3 Qxh5 27. Kg2 Kh7 28. Rg1 Rg8+ 29. Kf1 Qh3+ 30. Kf2 Qh2+ 31. Kf1 Qh3+ 32. Kf2 Rf8 33. Rg3 Ng4+ 34. Rxg4 Qxg4 35. Ng3 Qh4 36. Kg2 Rg8 37. f4 Qh5 38. e5 Qg4 39. Kf2 Qxg3+ 40. Qxg3 Rxg3 41. Kxg3 Kg6 42. Kg4 h5+ 43. Kh4 c4 0-1

[Event "Sochi"]
[Site "?"]
[Date "1988.??.??"]
[Round "?"]
[White "Dolmatov, S."]
[Black "Kholmov, R."]
[Result "1-0"]
[WhiteElo "2550"]
[BlackElo "2475"]
[PlyCount "89"]
[EventDate "1988.??.??"]
[Source "ChessBase"]
[SourceDate "1988.07.01"]

1. e4 e5 2. Nf3 Nc6 3. Bb5 g6 4. c3 d6 5. d4 Bd7 6. Qb3 Na5 7. Qa4 c6 8. Be2 b5 9. Qc2 Bg7 10. O-O Ne7 11. dxe5 dxe5 12. a4 a6 13. Rd1 Qc8 14. Be3 Nb7 15. c4 b4 16. c5 Na5 17. Nbd2 O-O 18. Nb3 Nxb3 19. Qxb3 a5 20. Bc4 h6 21. h3 Be8 22. Rd6 Kh7 23. Rad1 Qc7 24. Qc2 Nc8 25. Rd8 Bf6 26. R8d3 Ne7 27. b3 Ng8 28. Qb2 Qe7 29. Rd6 Bg7 30. Qc2 Nf6 31. Be2 Bd7 32. Nd2 Ne8 33. Rd3 Be6 34. Nc4 Bxc4 35. Qxc4 Nf6 36. Bg4 Nxg4 37. hxg4 Ra7 38. g3 Bf6 39. Rd6 Rc8 40. Kg2 Bg7 41. g5 hxg5 42. Rh1+ Bh6 43. Qe2 Rac7 44. Qg4 Kg7 45. Rxh6 1-0

[Event "POL-ch 60th"]
[Site "Warsaw"]
[Date "2003.04.25"]
[Round "4"]
[White "Socko, Bartosz"]
[Black "Bartel, Mateusz"]
[Result "1-0"]
[WhiteElo "2577"]
[BlackElo "2443"]
[PlyCount "51"]
[EventDate "2003.04.22"]
[Source "ChessBase"]
[SourceDate "2003.07.25"]

1. e4 e5 2. Nf3 Nc6 3. Bb5 g6 4. c3 a6 5. Bc4 Bg7 6. d4 d6 7. Bg5 Nf6 8. dxe5 dxe5 9. Qxd8+ Nxd8 10. Nbd2 Nc6 11. h3 O-O 12. a4 b6 13. O-O Bb7 14. b4 a5 15. b5 Nd8 16. Nxe5 Re8 17. f4 Ne6 18. Nxf7 Kxf7 19. f5 gxf5 20. exf5 Nd5 21. fxe6+ Kg6 22. h4 Bxc3 23. Bd3+ Kg7 24. Rf7+ Kh8 25. Rxh7+ Kg8 26. Re1 1-0

[Event "Europa ch 2008"]
[Site "Plovdiv BUL"]
[Date "2008.05.01"]
[Round "10.71"]
[White "Ter-Sahakyan, Samvel"]
[Black "Stevic, Hrvoje"]
[Result "1-0"]
[WhiteElo "2449"]
[BlackElo "2571"]
[PlyCount "49"]
[EventDate "2008.04.21"]
[Source "www.chesslib.no"]
[SourceDate "2004.05.04"]

1. e4 e5 2. Nf3 Nc6 3. Bb5 g6 4. c3 Nge7 5. d4 exd4 6. cxd4 d5 7. e5 Bg7 8. O-O O-O 9. h3 f6 10. exf6 Rxf6 11. Bxc6 Rxc6 12. Bf4 Re6 13. Nc3 c6 14. g4 h6 15. Be5 g5 16. Bxg7 Kxg7 17. Ne5 Ng6 18. Nxg6 Rxg6 19. Ne2 Qd6 20. f4 gxf4 21. Nxf4 Rg5 22. Qf3 Kh8 23. Nd3 Bf5 24. Ne5 Kh7 25. Nf7 1-0

[Event "Open"]
[Site "Davos"]
[Date "2004.08.06"]
[Round "7"]
[White "Horvath, Adam"]
[Black "Turner, Mark"]
[Result "1/2-1/2"]
[WhiteElo "2528"]
[BlackElo "2491"]
[PlyCount "80"]
[EventDate "2004.07.31"]
[Source "Roberto Alvarez"]
[SourceDate "2004.08.30"]

1. e4 e5 2. Nf3 Nc6 3. Bb5 g6 4. c3 d6 5. d4 Bd7 6. O-O Bg7 7. Qb3 Nf6 8. dxe5 Nxe5 9. Nxe5 dxe5 10. Rd1 O-O 11. Bxd7 Nxd7 12. Qxb7 Nc5 13. Rxd8 Raxd8 14. Qb5 Rd1+ 15. Qf1 Rxf1+ 16. Kxf1 Nxe4 17. Be3 Rb8 18. b4 a5 19. a4 f5 20. f3 Nd6 21. Bc5 Nc4 22. Ke2 e4 23. Ra2 exf3+ 24. gxf3 Bf8 25. Bxf8 Kxf8 26. Kd3 Ne5+ 27. Kd4 Nxf3+ 28. Kc5 Ne5 29. Kd5 Nd3 30. Kc6 Rxb4 31. cxb4 Nxb4+ 32. Kxc7 Nxa2 33. Kb6 f4 34. Kxa5 f3 35. Nd2 f2 36. Kb6 Ke7 37. a5 Nb4 38. Kc5 Na6+ 39. Kd4 Kd7 40. Ke3 Kc6 1/2-1/2

[Event "Calviá ol (Men)"]
[Site "Mallorca"]
[Date "2004.10.18"]
[Round "4.15"]
[White "Azarov, Sergei"]
[Black "Egin, Vladimir"]
[Result "1-0"]
[WhiteElo "2556"]
[BlackElo "2459"]
[PlyCount "83"]
[EventDate "2004.10.15"]
[Source "Roberto Alvarez"]
[SourceDate "2004.10.25"]

1. e4 e5 2. Nf3 Nc6 3. Bb5 g6 4. O-O Bg7 5. c3 Nge7 6. d4 exd4 7. cxd4 d5 8. exd5 Nxd5 9. Re1+ Be6 10. Bg5 Qd6 11. Nbd2 O-O 12. Ne4 Qb4 13. Bxc6 bxc6 14. Qc1 Rae8 15. Bd2 Qb6 16. Nc5 Bf5 17. Ne5 Re7 18. Nc4 Rxe1+ 19. Bxe1 Qb8 20. Ne5 Qe8 21. Bc3 Qe7 22. Nxc6 Qd6 23. Na5 Nf4 24. Qe3 Bh6 25. Qf3 Re8 26. Nc4 Qd5 27. Qxd5 Nxd5 28. Re1 Rb8 29. h3 Bf8 30. g4 Bb1 31. Nd7 Rd8 32. Nxf8 Bxa2 33. Nxg6 hxg6 34. Ne5 Nf4 35. Nc6 Ra8 36. Kh2 Be6 37. Ra1 a6 38. Ra5 Nd5 39. Rxd5 Bxd5 40. Ne7+ Kf8 41. Nxd5 c6 42. Nb4 1-0